Migración internacional en las fronteras norte y sur de México /

Obra donde se reúnen 23 ponencias del Seminario sobre la Migración Internacional en México y en las cuales se discuten la migración laboral indocumentada, los impactos regionales de la emigración de trabajadores mexicanos a Estados Unidos, la Ley Simpson-Rodino, la inmigración de centroamericanos a...

Descripción completa

Guardado en:
Detalles Bibliográficos
Autor corporativo: Seminario sobre la Migración Internacional en México. Estado Actual y Perspectivas ( Morelos, México)
Formato: Procedimiento de la conferencia Libro
Idioma:Español
Temas:
Etiquetas: Agrega una etiqueta
Sin etiquetas, Sé el primero en etiquetar este registro!

MARC

LEADER 00000nam^a2200000^a^4500
001 000183780
005 20250521000000.0
009 20260310102051.588
020 |a 968-805-677-4 
037 |a Acervo ITESO - Biblioteca 
041 |a ESP 
082 |a 304. 80972  |b SEM 1989 
111 |a Seminario sobre la Migración Internacional en México. Estado Actual y Perspectivas (  |n 1º :  |d 1989 :  |c Morelos, México) 
245 1 0 |a Migración internacional en las fronteras norte y sur de México /  |c Seminario sobre la Migración Internacional en México. Estado Actual y Perspectivas ; presen. de M. Urbina Fuentes ; introd. de Alejandro Rodríguez y González, Alfonso Sandoval Arriaga. 
264 |a México :  |b Consejo Nacional de Población ;  |c 1992 
300 |a X, 401 p. 
336 |a texto  |b txt  |2 rdacontenido 
337 |a sin mediación  |b n  |2 rdamedio 
338 |a volumen  |b nc  |2 rdasoporte 
520 |a Obra donde se reúnen 23 ponencias del Seminario sobre la Migración Internacional en México y en las cuales se discuten la migración laboral indocumentada, los impactos regionales de la emigración de trabajadores mexicanos a Estados Unidos, la Ley Simpson-Rodino, la inmigración de centroamericanos a México y la política migratoria mexicana ante los centroamericanos indocumentados. 
649 |a XX 
650 |a Migrantes Mexicanos -  |x Condiciones Laborales 
650 |a Migrantes Mexicanos -  |x Condiciones Económicas 
650 |a Migrantes Mexicanos -  |x Condiciones Sociales y Culturales 
650 |a Migrantes Latinoamericanos -  |x Condiciones Laborales 
650 |a Migrantes Latinoamericanos -  |x Condiciones Económicas 
650 |a Migrantes Latinoamericanos -  |x Condiciones Sociales y Culturales 
650 |a Emigración -  |z México 
650 |a Emigración -  |z Latinoamérica 
650 |a Inmigración -  |z México 
650 |a Inmigración -  |z EUA 
650 |a Migración Ilegal 
650 |a Migración Temporal 
650 |a Migración -  |x Aspectos Económicos 
650 |a Política Migratoria -  |z EUA 
650 |a Política Migratoria -  |z México 
650 |a Mercado de Trabajo -  |z EUA 
650 |a Mercado de Trabajo -  |z México 
650 |a Mercado de Trabajo -  |z Latinoamérica 
650 |a Relaciones Internacionales -  |z México-EUA 
650 |a Relaciones Internacionales -  |z México-Guatemala 
650 |a Política Exterior -  |z México 
910 |a Fondo General 
920 |a Impresos - Libros 
930 |a Colección General 
905 |a 101 
901 |a 0500124553  |b IT1  |c ACC  |u 20250521 
902 |a https://opac.biblio.iteso.mx/vufind/Record/000183780